000 01023nam a2200217Ia 4500
001 10487
003 GE_BSU
008 181216s||||||||xx |||||||||||||| ||und||
040 _cGE_BSU
080 _a821.353.1-1
245 _aქართული პოეზია. 15 ტომად:ტ.11. XIX ს.-XX ს. დასაწყისი
245 _cსარედ. კოლ.: გრ. აბაშიძე, ან. კალანდაძე, მ. ლებანიძე და სხვ.ტომი შეადგინა და წინასიტყვ.დაურთო ს.ხუციშვილმა;მხატვ.დ.დონდუა
260 _aთბილისი
260 _bნაკადული
260 _c1980
300 _a598გვ.18სმ.
300 _cცნობარი:გვ.542-574. ლექსიკონი გვ.575-593.
653 _aXIX ს.-XX ს. დასაწყისი
653 _aქართული პოეზია
942 _cBK
999 _c43742
_d43742